000
00217 a2200097 4500
001
23011
100
_a
Bartholomew, J
245
_a
Military information systems
260
_a
_b
Frederick
_c
1964
090
_c
15557
_d
15557
942
_a
NUST-CAE
_c
M
_c
6177
999
_c
258084
_d
258084